The evolution of life histories

The book introduces the evolution of life histories. It discusses both the macroevolutionary framework and the microevolutionary conditions that determine how life histories evolve. The book contains two parts. Part I builds up the tools needed for a well-rounded evolutionary explanation: demography...

詳細記述

保存先:
書誌詳細
第一著者: Stephen C Stearns
フォーマット: 図書
言語:Undetermined
出版事項: Oxford, New York Oxford Univ. Press 1992
主題:
タグ: タグ追加
タグなし, このレコードへの初めてのタグを付けませんか!
Thư viện lưu trữ: Trung tâm Học liệu Trường Đại học Cần Thơ
LEADER 01013nam a2200205Ia 4500
001 CTU_22717
008 210402s9999 xx 000 0 und d
020 |b 78.5df 
082 |a 575 
082 |b S811 
100 |a Stephen C Stearns 
245 4 |a The evolution of life histories 
245 0 |c Stephen C Stearns 
260 |a Oxford, New York 
260 |b Oxford Univ. Press 
260 |c 1992 
520 |a The book introduces the evolution of life histories. It discusses both the macroevolutionary framework and the microevolutionary conditions that determine how life histories evolve. The book contains two parts. Part I builds up the tools needed for a well-rounded evolutionary explanation: demography, quantitative genetics, reaction norms, trade-offs, and phylogenetic/comparative analysis. Part II discusses the evolution of major life history traits 
650 |a evolution ( biology ),life cycles ( biology ) 
904 |i Minh, 980604 
980 |a Trung tâm Học liệu Trường Đại học Cần Thơ